000 00532nam a22001697a 4500
005 20251108164831.0
008 250721s1993 xx 000 0 ara d
082 1 4 _a371.3/عبد
100 1 _aالنعيمي، عبد الله الأمين
245 1 0 _aطرق التدريس العامة /
264 1 _aبنغازي :
_bالدار الجماهيرية للنشر والتوزيع والإعلان،
_c1993.
300 _a204ص
650 1 7 _aالتدريس
650 1 7 _aالمدرسون
942 _2ddc
_cBK
999 _c15458
_d15458